01423nab a22002537a 4500999001500000003000400015005001700019008004100036040000700077100003500084245007500119260007200194300001300266500005100279505043300330505008900763650003000852650002800882650004300910650003100953650002800984773014401012942001301156 c6029d6029OSt20260116203024.0190605e xxu||||| |||| 00| 0 spa d cPJ aPose, Lucía Verónica9456313aEl derecho de huelga y el decreto 340-2025 /cLucía Verónica Pose. aCiudad Autónoma de Buenos Aires :bThomson Reuters La Ley,c2025. ap. 21-26 aCita Online: Cita: TR LALEY AR/DOC/2004/2025. aSumario: I. Introducción.— II. La evolución del derecho de huelga.— III. La reglamentación del derecho de huelga.— IV. La huelga frente a los servicios esenciales. La regulación prevista en la ley 25.877 y el dec. 272/2006.— V. La sanción del dec. 340/2025.— VI. Fallo "Confederación General del Trabajo de la República Argentina c. Poder Ejecutivo Nacional s/ acción de amparo".— VII. Conclusión.  t¿Te interesa el texto completo? Solicitalo al correo: koha@justierradelfuego.gov.ar 094583aDERECHOS SINDICALES 094564aDERECHO DE HUELGA 091462aCONFLICTOS COLECTIVOS DE TRABAJO 095622aSERVICIOS ESENCIALES 091340aMEDIDAS DE FUERZA0 0271193168dCiudad Autónoma de Buenos Aires : Thomson Reuters La Ley, 1999-2002.tRevista de derecho del trabajo. Nº 5 - Septiembre 2025 2udccANA